000 00853nam a2200253Ia 4500
003 OSt
005 20220923211447.0
006 a|||||r|||| 00| 0
007 ta
008 Pun
020 _a9789350680995 (hbk)
_c275
024 _a281,608
037 _b857, 12/08/2014, H.K. Prakashan
_cTextual
040 _aARTS
_cARTS
_bPun
041 _2Pun
_aPun
082 _aO153,1(Delta73):g, Q2
100 _aਪਰਦੇਸੀ, ਸਰਵਨ ਸਿੰਘ
245 0 _aਸੂਖ਼ੀ ਸਾਹਿਤ ਦੀ ਸਮਝ
260 _aਚੰਡੀਗੜ
_b ਲੋਕਗੀਤ ਪ੍ਰਕਾFਨ
_c2012
300 _a223ਪੰ
_ccm.
650 _aਪੰਜਾਬੀ ਸਾਹਿਤ
942 _hO153,1(Delta73):g, Q2
_cTEXL
_2CC
999 _c299752
_d299752